| 000 | 00451pab a2200157 454500 | ||
|---|---|---|---|
| 008 | 180718b2004 xxu||||| |||| 00| 0 eng d | ||
| 100 | _aPawlowski, Suzanne D. | ||
| 245 | _aBridging user organizations: knowledge brokering and the work of information technology professionals | ||
| 260 | _c2004 | ||
| 300 | _ap.645-72. | ||
| 362 | _aDec | ||
| 650 | _aInformation technology | ||
| 700 | _aRobey, Daniel | ||
| 773 | _aMIS Quarterly | ||
| 909 | _a63894 | ||
| 999 |
_c63894 _d63894 |
||